header

OS X Mountain Lion Server for dummies (Record no. 194924)

MARC details
000 -LEADER
fixed length control field 01079nam a2200301Ia 4500
100 1# - MAIN ENTRY--AUTHOR NAME
Personal name Rizzo, John.
245 10 - TITLE STATEMENT
Title OS X Mountain Lion Server for dummies
260 ## - PUBLICATION, DISTRIBUTION, ETC. (IMPRINT)
Place of publication Hoboken, NJ :
Name of publisher Wiley,
Year of publication 2012.
300 ## - PHYSICAL DESCRIPTION
Number of Pages xx, 380 p.
500 ## - GENERAL NOTE
General note Includes index.
650 #0 - SUBJECT ADDED ENTRY--TOPICAL TERM
Topical Term Operating systems (Computers)
856 40 - ELECTRONIC LOCATION AND ACCESS
Uniform Resource Identifier http://site.ebrary.com/lib/rucke/Doc?id=10602103

No items available.

© 2026 Rongo University
Contact us: librarian | system librarian | Rongo university